000 00926nam a2200253Ia 4500
003 OSt
005 20221005113308.0
006 a|||||r|||| 00| 0
007 ta
008 221004b |||||||| |||| 00| 0 pan d
020 _a9789382376064 (hbk)
_c180
024 _a2796
037 _b690, 16/01/2013, Bright Book Service
_cTextual
040 _aCRL
_cCRL
_bpan
041 _2pan
_apan
082 _aO153,3:g, Q2
100 _aਜੋਗਾ, ਜਗਤਾਰ ਸਿੰਘ
245 0 _aਪੰਜਾਬੀ ਨਾਵਲ ਦਾ ਲੋਕਧਾਰਾਈ ਅਧਿਐਨ
260 _aਪਟਿਆਲਾ
_bਪੰਜਾਬੀ ਯੂਨੀਵਰਸਿਟੀ ਭਾਰਤ
_c2012
300 _a172ਪੰ
_ccm.
650 _aਪੰਜਾਬੀ ਸਾਹਿਤ
942 _hO153,3:g, Q2
_cTEXL
_2cc
999 _c1027698
_d1027698